000 nam a22 7a 4500
999 _c232908
_d232908
003 Nust
005 20170224152743.0
008 170224b xxu||||| |||| 00| 0 eng d
040 _cDLC
082 _a337.549105 CHA
245 _aGlobalization: WTO, Trade and Economic Liberalization in Pakistan /
_cDr. M. Aslam Chsudhary
260 _aLahore :
_bFerozsons,
300 _a233p. :
_c25 cm
942 _2ddc
_cBK